000 00748nam a2200229Ii 4500
003 JO-AjNU
008 230605s9999||||xx |||||||||||||| ||und||
017 _a2006/5/3162
020 _a978-9957-06-387-0
040 _aJO-AjNU
_bara
_erda
_cJO-AjNU
041 _aara
050 1 4 _aHQ767.9.N37.2018
100 3 _aالناشف، هدى محمود,
_eauthor
_959878
245 0 0 _aالاسرة وتربية الطفل
250 _aط5
264 3 1 _aعمان: دار المسيرة للنشر والتوزيع والطباعة، 2018
300 _a240ص
336 _atext
_btxt
_2rdacontent
337 _aunmediated
_bn
_2rdamedia
338 _avolume
_bnc
_2rdacarrier
650 4 _aالاسرة-رعاية الطفولة-الاطفال
_959879
999 _aA26968
_c30536
_d30536